Priame zahraničné investície Vnútorné a medzinárodné súvislosti

Saved in:
Bibliographic Details
Main Author: Ferenčíková, Soňa, 1960-
Other Authors: Michník, Ľubomír, Šesták, Jozef
Format: Book
Language:Slovak
Published: Bratislava Sprint 1997
Edition:1. vyd.
Series:Nová ekonómia
Subjects:
Tags: Add Tag
No Tags, Be the first to tag this record!

MARC

LEADER 00000nam a2200000 4500
001 c017752
005 20221214071625.5
020 |a 80-88848-09-1 
041 0 |a slo 
044 |a SK 
245 1 0 |a Priame zahraničné investície  |b Vnútorné a medzinárodné súvislosti  |c Soňa Ferenčíková, Ľubomír Michník, Jozef Šesták 
250 |a 1. vyd. 
264 1 |a Bratislava  |b Sprint  |c 1997 
300 |a 233 s. 
490 1 |a Nová ekonómia 
830 0 |a Nová ekonómia 
610 2 0 |a investície priame zahraničné 
610 2 0 |a trh zahraničný 
610 2 0 |a Slovensko 
610 2 0 |a akcie 
610 2 0 |a kapitál zahraničný 
610 2 0 |a pojmy 
100 1 |a Ferenčíková, Soňa, 1960- 
700 1 |a Michník, Ľubomír 
700 1 |a Šesták, Jozef